The evolution of International business 1800-1945. Volume 3 : The enterprising Scot : investors in the American West after 1873 /

The Scot discovers the American West as a field for investment. The great decade of Scottish-American investment. The Scottish cattle company boom. Alien land tenure and legislation...

Enregistré dans:
Détails bibliographiques
Auteur principal: Jackson, W. Turrentine 1915-
Format: Livre
Langue:English
Publié: London ; New York : Routledge, 2000.
Sujets:
Tags: Ajouter un tag
Pas de tags, Soyez le premier à ajouter un tag!
Thư viện lưu trữ: Mạng thư viện Đại học Đà Nẵng
LEADER 01278cam a2200361 i 4500
001 000049709
003 9720
005 20030324094809.0
008 010406|2000 vm 000 eng
020 |a 041519010X 
040 |a IRC  |c IRC  |d IRC 
041 0 |a eng 
082 1 4 |a 332.673411078  |b JA-W 
100 1 |a Jackson, W. Turrentine  |q (William Turrentine),  |d 1915- 
245 0 4 |a The evolution of International business 1800-1945.  |n Volume 3 :  |p The enterprising Scot : investors in the American West after 1873 /  |c W. Turrentine Jackson. 
260 |a London ; New York :  |b Routledge,  |c 2000. 
300 |a xiii, 415 p. :  |b ill. ;  |c 22.2cm. 
520 3 |a The Scot discovers the American West as a field for investment. The great decade of Scottish-American investment. The Scottish cattle company boom. Alien land tenure and legislation... 
630 0 4 |a Economics. 
630 0 4 |a Business. 
630 0 4 |a Investments. 
650 0 4 |a Investments, Scottish  |z West (U.S.)  |x History. 
650 0 4 |a United States  |b Economic conditions  |y 1865-1918. 
OWN |a DUT 
999 |a From the UDN01 
TYP |a Monograph 
TYP |a Printed language 
980 |a Mạng thư viện Đại học Đà Nẵng